|
|
|
|
| LEADER |
00685nam a2200253 a 4500 |
| 001 |
adlib96000001 |
| 003 |
ViArRB |
| 005 |
20151026132534.0 |
| 008 |
960221s1955 dcuabcdjdbkoqu001 0deng d |
| 020 |
|
|
|
| 022 |
|
|
|
| 040 |
|
|
|a Adlib
|
| 082 |
|
|
|a 973
|
| 245 |
|
|
|a A History of American Democracy
|
| 250 |
|
|
|a 3rd edition
|
| 260 |
|
|
|a Boston
|b Houghton Mifflin
|c 1956
|
| 300 |
|
|
|a x, 824, xciv p
|
| 500 |
|
|
|a
|
| 100 |
|
|
|a Hicks, John D
|
| 700 |
|
|
|a Mowry, George E
|a Burke, Robert E
|
| 942 |
|
|
|c BK
|6 _
|
| 653 |
|
|
|a History of American Democracy
|
| 999 |
|
|
|c 50815
|d 50815
|
| 952 |
|
|
|0 0
|1 0
|4 0
|6 973_HIC
|7 0
|9 63691
|a UL
|b UL
|d 2010-06-19
|o 973 HIC
|p G0000141
|r 2010-06-19
|w 2010-06-19
|y BK
|